| 000 | 01121nam a2200241Ia 4500 | ||
|---|---|---|---|
| 003 | Ost | ||
| 005 | 20260507075502.0 | ||
| 008 | 260507s9999||||xx |||||||||||||| ||und|| | ||
| 020 | _a9961000528 | ||
| 040 | _cfsecg | ||
| 041 | _aara | ||
| 082 | _a346.07 | ||
| 100 |
_aبن المهيدي، رزق الله العربي _eمؤلف |
||
| 245 | 0 |
_aالوجيز في القانون التجاري الجزائري / _c رزق الله العربي بن المهيدي |
|
| 250 | _aطبعة 4 | ||
| 260 |
_aالجزائر: _bديوان المطبوعات الجامعية, _c2008 |
||
| 300 |
_a72 صفحة؛ _bإيضاحات ؛ _c22 سم |
||
| 504 | _aببليوغرافيا:ص ص.68-69 | ||
| 520 | _aتعريف القانون التجاري،التعريف الفقهي للقانون التجاري،مصادر القانون التجاري،الأشخاص الملزمون بمسك الدفاتر التجارية،الشخص الطبيعي والشخص المعنوي،الشركات التجارية،السفتجة | ||
| 653 | _aالجزائر | ||
| 653 | _aالقانون التجاري | ||
| 942 | _cكتاب | ||
| 999 |
_c44698 _d44698 |
||